Русское: роман

Bibliografiset tiedot
Päätekijä: Лимонов Э. Эдуард
Kieli:venäjä
Julkaistu: Москва, Ad Marginem, 2005
Aiheet:
Aineistotyyppi: MixedMaterials Kirja
KOHA link:https://koha.lib.tpu.ru/cgi-bin/koha/opac-detail.pl?biblionumber=98961

MARC

LEADER 00000nam0a2200000 4500
001 98961
005 20231031111504.0
010 |a 5933211117 
035 |a (RuTPU)RU\TPU\book\106124 
090 |a 98961 
100 |a 20060623d2005 m y0rusy50 ca 
101 0 |a rus 
102 |a RU 
105 |a y z 000ay 
200 1 |a Русское  |e роман  |f Э. Лимонов 
210 |a Москва  |c Ad Marginem  |d 2005 
215 |a 543 с. 
610 1 |a русская литература 
610 1 |a романы 
610 1 |a проза 
675 |a Р2  |v 3 
700 1 |a Лимонов  |b Э.  |g Эдуард 
801 1 |a RU  |b 63413507  |c 20060623  |g PSBO 
801 2 |a RU  |b 63413507  |c 20061221  |g PSBO 
942 |c BK 
959 |a 57/20060619  |d 1  |e 21175  |f ХФ:1